Guess the Hamilton Song #11 - Statistics

General Stats
  • This quiz has been taken 1,916 times
  • The average score is 175 of 391
Answer Stats
Lyric % Correct
a
98%
I
96%
the
90%
The
90%
you
87%
You
87%
you,
87%
He
76%
he
76%
to
73%
who
73%
do
71%
it
71%
and
70%
be
68%
is
67%
we
66%
We
66%
are
65%
are.
65%
in
65%
your
62%
me
59%
that
58%
no
54%
so
54%
when
54%
where
54%
can
53%
Can
53%
on
53%
There
53%
Eliza
51%
Eliza,
51%
Eliza.
51%
hear
51%
it's
50%
It's
50%
They
49%
don't
48%
for
48%
If
48%
if
48%
you're
48%
Alexander
47%
have
46%
her
46%
know
46%
uptown
46%
uptown.
46%
uptown,
46%
uptown?
46%
I'm
44%
quiet
44%
what
44%
him
43%
She
43%
His
42%
his
42%
of
42%
see
41%
See
41%
would
41%
at
40%
as
39%
by
39%
like
39%
unimaginable.
37%
unimaginable
37%
too
36%
walk
36%
not
34%
take
34%
moments
31%
name,
31%
name.
31%
words
31%
child
30%
enough.
30%
Look
30%
look
30%
reach.
30%
reach,
30%
we're
30%
live
29%
never
29%
walking
28%
with
28%
just
27%
away
26%
hold
26%
pity.
26%
say
26%
side
26%
side,
26%
side.
26%
street
26%
street,
26%
but
25%
going
24%
suffering
24%
talking
24%
terrible
24%
could
23%
down.
23%
Hamiltons
23%
move
23%
push
23%
through
23%
before
22%
before.
22%
deep,
22%
out,
22%
out
22%
Philip,
22%
tight
22%
happen
21%
himself,
21%
mine,
21%
them
21%
time
21%
church
20%
learn
19%
children
18%
easier
18%
garden,
18%
has
18%
pray
18%
Sunday,
18%
swim
18%
liked
17%
now
17%
right
17%
started,
17%
used
17%
feels
16%
Forgiveness,
16%
hand.
16%
here
16%
imagine?
16%
let
16%
stay
16%
around,
15%
life,
15%
life
15%
alone
14%
cross
14%
deserve
14%
door
14%
hours
13%
sign
13%
need
12%
pretend
12%
spend
12%
store
12%
there's
12%
challenges
11%
city.
11%
facing.
11%
married,
11%
standing
11%
trying
11%
long
10%
smile
10%
trade
9%
working
9%
day.
8%
every
8%
takes
8%
afraid
7%
after
7%
gone
7%
he'd
7%
lost
7%
replacing
7%
dark
6%
fall
6%
length
6%
powerful
6%
spare
6%
walks
6%
we've
6%
apart.
5%
Eliza's
5%
grey.
5%
hair
5%
knock
5%
park,
5%
passes
4%
understand,
4%
grace
3%
sights
3%
taking
3%
tryna
2%
No matching quizzes found
Score Distribution
Percent of People with Each Score
Percentile by Number Answered
Your Score History
You have not taken this quiz